000 00817nam a2200229 u 4500
001 000001985
003 DO-SdBNP
005 20250307122016.0
008 090630s1986 dr a r 000 0 spa d
040 _aDO-SdBNP
_bspa
_cBNPHU
100 1 _aZinser, James Edward
_96291
245 1 0 _aMercados Financieros y distribución del ingreso /
_cJames Edward Zinser, Claudio Gonzáles Vega.
260 _aSanto Domingo :
_bLa Palabra,
_c1986.
300 _a117 p. :
_bil. ;
_c21 cm.
500 _aIncluye índice
500 _aIncluye datos biográficos del autor.
504 _aBibliografía : p. 117
504 _aIncluye notas y referencias bibligráficas al pie de las páginas.
710 _aRepública Dominicana.
_bCentros de Estudios Monetarios y Bancarios
_96445
830 0 _aEstudios
_93854
942 _2ddc
_cLBS1
999 _c1851
_d1851